Nihongo katsuyō masutā : Giup chia tu loai trong tieng nhat thanh thao /

にほんご活用マスター : 日語活用 熟練掌握
Dettagli Bibliografici
Autore principale: Kikuchi, Fumiko
Natura: Sconosciuto
Lingua:English
Japanese
Chinese
Vietnamese
Pubblicazione: Tōkyō : Asukushuppan, c2018 .
Edizione:First edition.
Soggetti:
LEADER 02495 a2200397 4500
001 45061
003 BD-DhAAL
005 20251116105734.0
008 251116t2018 ja a|||| |||| 00| 0 eng d
020 |a 9784866392332  
020 |a 1920081013005 
040 |a BD-DhAAL  |c BD-DhAAL 
041 |a jpn  |h jpn  |a eng  |a chi  |a vie 
082 |a 496.56  |2 23 
100 |a Kikuchi, Fumiko.  |9 59797 
245 |6 880-01  |a Nihongo katsuyō masutā :  |b Giup chia tu loai trong tieng nhat thanh thao /  |c Fumiko Kikuchi. 
246 |a Master Japanese conjugations 
246 |a eigo chūgokugo betonamugo taiyakutsuki :  |b ri yu huo yong shu lian zhang wo 
250 |a First edition. 
260 |a Tōkyō :  |b Asukushuppan,  |c c2018 . 
300 |a 159 pages :  |b illustrations ;  |c 19 cm + 1 red transparent plastic sheet (16 x 11 cm.).  
500 |a JLPT N5・N4対応 
521 |a Suitable for N4/N5 examinees. 
526 |a CSE  |x Annajiat Alim Rasel Senior Lecturer Department of Computer Science and Engineering BRAC University Course Name and No. : Japanese Language and General for ITEE (JPN 101) 
541 |a Book Finder International  
546 |a Text in Japanese, partially in English, Chinese and Vietnamese. 
650 |a Japanese language  |x Verb  |v Textbooks for foreign speakers  |x English.  |9 59827 
650 |a Japanese language  |x Verb  |v Textbooks for foreign speakers  |x Chinese.  |9 59828 
650 |a Japanese language  |x Verb  |v Textbooks for foreign speakers  |x Vietnamese.  |9 59829 
650 |a Japanese language  |x Verb.  |9 59830 
650 |a Japanese language  |x Grammar.  |9 59307 
880 |6 245-01  |a にほんご活用マスター :  |b 日語活用 熟練掌握 
942 |2 ddc  |c BK 
999 |c 47634  |d 47634 
952 |0 0  |1 0  |2 ddc  |4 0  |6 496_560000000000000_KIK  |7 0  |9 78478  |a BRACUL  |b BRACUL  |c GEN  |d 2025-11-04  |e Book Finder International   |g 4795.00  |l 0  |o 496.56 KIK  |p 3010045062  |r 2025-11-04  |t 2  |v 9590.00  |w 2025-11-04  |y BK  |x Requisitioned by Annajiat Alim Rasel (Senior Lecturer, Department of Computer Science and Engineering, BRAC University) for the course named - 'Japanese Language and General for ITEE (JPN 101)' 
952 |0 0  |1 0  |2 ddc  |4 0  |6 496_560000000000000_KIK  |7 0  |9 78527  |a BRACUL  |b BRACUL  |c GEN  |d 2025-11-04  |e Book Finder International   |g 4795.00  |l 1  |m 1  |o 496.56 KIK  |p 3010045061  |r 2026-01-31  |s 2026-01-19  |t 1  |v 9590.00  |w 2025-11-04  |y BK  |x Requisitioned by Annajiat Alim Rasel (Senior Lecturer, Department of Computer Science and Engineering, BRAC University) for the course named - 'Japanese Language and General for ITEE (JPN 101)'